Quick Pick: Things That Fly Quiz Stats

 Plays Quiz Updated Jun 7, 2017

Support Sporcle.
Go Orange.
Score 0/10 Timer 00:30
0 Plays Today
% Correct
Hot Air Balloon
95.7%
Monarch Butterfly
95.6%
Superman
95.1%
Peter Pan
93.8%
Woodpecker
93.4%
Boeing 747
92.6%
Finch
85.7%
Kingfisher
77.5%
TIE Fighter
70.7%
Memphis Belle
60.1%

Today's Daily Dose

Word Ladder
New Dimensions!

Quick Pick
'Animal' Fish

Get the Picture
Bird or Food?

You're not logged in!

Compare scores with friends on all Sporcle quizzes.
OR
Log In
Forgot?

From the Vault

NFL Longest Field Goals

by Sam

Whether you make the field goal from 30 yards out or 63, it is still just 3 points, it really seems like it should be a sliding scale.
Remove Ads.
Support Sporcle.
Get the best of Sporcle when you Go Orange. This ad-free experience offers more features, more stats, and more fun while also helping to support Sporcle. Thank you for becoming a member.

Show Comments

Extras

Top Quizzes Today


Score Distribution

Your Account Isn't Verified!

In order to create a playlist on Sporcle, you need to verify the email address you used during registration. Go to your Sporcle Settings to finish the process.

Report this User

Report this user for behavior that violates our Community Guidelines.

Details: